Elenca la formazione - Quiz n°257 - Statistics

Statistiche generali
  • Questo quiz è stato fatto 28 volte
  • Il punteggio medio è 4 su 11
Statistiche sulle risposte
Ruolo Club dell'epoca Calciatore % Corretto
Portiere Arsenal Jens Lehmann
77%
Attaccante Colonia Lukas Podolski
69%
Attaccante Werder Brema Miroslav Klose
69%
Centrocampista Chelsea Michael Ballack
65%
Difensore Bayern Monaco Philipp Lahm
46%
Difensore Hannover 96 Per Mertesacker
27%
Centrocampista Bayer Leverkusen Bernd Schneider
23%
Difensore Borussia Dortmund Christoph Metzelder
19%
Difensore Hertha Berlino Arne Friedrich
12%
Centrocampista Werder Brema Tim Borowski
4%
Centrocampista Borussia Dortmund Sebastian Kehl
0%
Nessun quiz corrispondente trovato
Distribuzione punteggi
Percentuale di utenti per punteggio
Percentile per numero di risposta
I tuoi punteggi nel tempo
Non hai fatto questo quiz